| 000 | 00467nam a2200181Ia 4500 | ||
|---|---|---|---|
| 008 | 220531s9999 xx 000 0 und d | ||
| 041 | _aeng | ||
| 082 | _bSOC / JAD | ||
| 100 |
_aJadhav, Vijay & Pathan Gulab _980167 |
||
| 245 | _aSocial Institutions and Change | ||
| 250 | _a1ST | ||
| 260 |
_aPune _bSuccess _c2019 |
||
| 300 | _a3.32 | ||
| 542 | _d25-01-2020 | ||
| 650 |
_aSociology _980168 |
||
| 906 |
_cF.Y.B.A. _d2019-2020 _f18370 |
||
| 999 |
_c44327 _d44327 |
||